Indian patent law and practice / (Record no. 72960)
[ view plain ]
| 000 -LEADER | |
|---|---|
| fixed length control field | 01029nam a22002777a 4500 |
| 005 - DATE AND TIME OF LATEST TRANSACTION | |
| control field | 20130115102011.0 |
| 008 - FIXED-LENGTH DATA ELEMENTS--GENERAL INFORMATION | |
| fixed length control field | 130115t xxu||||| |||| 00| 0 eng d |
| 010 ## - LCCN (DPL NO) | |
| LC control number | ENG-106563 |
| 020 ## - INTERNATIONAL STANDARD BOOK NUMBER | |
| International Standard Book Number | 0198089600 |
| Terms of availability | 395.00 |
| 020 ## - INTERNATIONAL STANDARD BOOK NUMBER | |
| International Standard Book Number | 9780198089605 |
| Terms of availability | 395.00 |
| 035 ## - SYSTEM CONTROL NUMBER | |
| System control number | EN-90096 |
| 037 ## - SOURCE OF ACQUISITION | |
| Source of stock number/acquisition | DBAD / PUB |
| 040 ## - CATALOGING SOURCE | |
| Original cataloging agency | dpl |
| Language of cataloging | English |
| 082 ## - DEWEY DECIMAL CLASSIFICATION NUMBER | |
| Classification number | 346.540486 |
| 100 ## - MAIN ENTRY--PERSONAL NAME | |
| 9 (RLIN) | 28493 |
| Personal name | Kankanala, Kalyan C. |
| 245 ## - TITLE STATEMENT | |
| Title | Indian patent law and practice / |
| Statement of responsibility, etc | by Kalyan C. Kankanala; Arun K. Narasani [ and] Vinita Radhakrishnam |
| 260 ## - PUBLICATION, DISTRIBUTION, ETC. (IMPRINT) | |
| Place of publication, distribution, etc | New Delhi |
| Name of publisher, distributor, etc | Oxford University Press |
| Date of publication, distribution, etc | 2012 |
| 270 ## - ADDRESS | |
| Address | YMCA Library Building, Jai Singh Road |
| City | New Delhi |
| Postal code | 110001 |
| 300 ## - PHYSICAL DESCRIPTION | |
| Extent | xxiii,353 p. |
| Dimensions | 22cm (pbk) |
| 650 ## - SUBJECT ADDED ENTRY--TOPICAL TERM | |
| 9 (RLIN) | 28496 |
| 650 ## - SUBJECT ADDED ENTRY--TOPICAL TERM | |
| 9 (RLIN) | 28522 |
| 700 ## - ADDED ENTRY--PERSONAL NAME | |
| 9 (RLIN) | 28520 |
| Personal name | Narasani, Arun K. |
| 700 ## - ADDED ENTRY--PERSONAL NAME | |
| Personal name | Vinita Radhakrishnam |
| 9 (RLIN) | 28899 |
| 942 ## - ADDED ENTRY ELEMENTS (KOHA) | |
| Source of classification or shelving scheme | Dewey Decimal Classification |
| Item type | English Books |
| Call number suffix | KAN |
| Classification part | 346.540486 |
| Withdrawn status | Lost status | Source of classification or shelving scheme | Damaged status | Not for loan | Collection code | Home library | Current library | Date acquired | Source of acquisition | Cost, normal purchase price | Total Checkouts | Full call number | Barcode | Date last seen | Copy number | Cost, replacement price | Koha item type |
|---|---|---|---|---|---|---|---|---|---|---|---|---|---|---|---|---|---|
| Dewey Decimal Classification | Non-fiction | D.B.Act.Division | D.B.Act.Division | 15/01/2013 | DBAD/PUB | 395.00 | 346.540486 KAN | EN-90096 | 15/01/2013 | 1 | 395.00 | English Books |
